000 00557nam a2200193Ia 4500
005 20250508164942.0
008 008 250505s9999 xx 000 0 eng d
037 _aTextual
040 _aFEDL
_beng
_cFEDL
041 _aeng
_2eng
084 _a370, IYE
_qFEDL
100 _aIyengar Gita
_9779569
245 0 _aLoud and clear : Classroom activities on public speaking
260 _aHyderabad, India
_bOrient Longman Private Limited
_c2007
300 _a89p.
365 _aINR
_b100
942 _cTEXL
_h370, IYE
999 _c1392235
_d1392235